LEADER 01220nas--2200385---450 001 990005578830203316 005 20190403124912.0 035 $a000557883 035 $aUSA01000557883 035 $a(ALEPH)000557883USA01 035 $a000557883 100 $a19981214b19691971|||y0itaa50------ba 101 $afre 102 $ach 110 $aaja0|||0||0 200 1 $aEconomies et sociétés$ecahiers de l'Institut de science économique appliquée. [Philosophie et sciences de l'homme$fdirigée par Jean Lacroix] 207 0$aGenève : Librairie Droz 210 $av.$a22 cm 215 $aPubblica 2 fascicoli all'anno 606 $aEconomia$xSociologia$2F 620 $dGENEVE 702 1$aLACROIX,$bJean 801 0$aIT$bSA$c20111219 912 $a990005578830203316 950 0$aDipar.to di Filosofia - Salerno$bTome 3, n.8 (Aout 1969), tome 5., n.9 (septembre 1971)$eFIL 958 $aFIL$bEE 300.5 ECOES$d1793 FIL 959 $aSE 959 $aFIL$bEE 300.5 ECOES$d1793 FIL 959 $aFIL$bEE 300.5 ECOES$d1794 FIL 969 $aFIL 979 $c20121027$lUSA01$h1525 979 $c20121027$lUSA01$h1614 996 $aECONOMIES et societes$9324552 997 $aUNISA NUM $aSA0000701 LEADER 03607nam 2200625 450 001 9910822265503321 005 20230126220549.0 010 $a1-5017-1370-1 010 $a1-5017-0969-0 024 7 $a10.1515/9781501709692 035 $a(CKB)3840000000334836 035 $a(OCoLC)971248566 035 $a(MdBmJHUP)muse65585 035 $a(DLC) 2017004739 035 $a(StDuBDS)EDZ0001808571 035 $a(DE-B1597)496393 035 $a(DE-B1597)9781501709692 035 $a(Au-PeEL)EBL4987876 035 $a(CaPaEBR)ebr11501962 035 $a(NBER)w10783 035 $a(MiAaPQ)EBC4987876 035 $a(EXLCZ)993840000000334836 100 $a20170127d2017 uy| 0 101 0 $aeng 135 $aurcnu|||||||| 181 $2rdacontent 182 $2rdamedia 183 $2rdacarrier 200 10$aWorking the system $ea political ethnography of the new Angola /$fJon Schubert 210 1$aIthaca :$cCornell University Press,$d2017. 215 $a1 online resource (270 pages) $cillustrations, maps 300 $aPreviously issued in print: 2017. 311 0 $a1-5017-1369-8 311 0 $a1-5017-1233-0 320 $aIncludes bibliographical references and index. 327 $aIntroduction : working the system in boomtown Africa -- 2002, year zero : the foundations of the new Angola -- Sambizanga : the affects of place and memory -- Angolanidade : mediating urbanity through race and class -- Cunhas : situational kinship and everyday authority -- A culture of immediatism : co-optation and complicity -- Against the system, within the system : the parameters of the political. 330 $aWorking the System offers key insights into the politics of the everyday in twenty-first-century dominant party and neo-authoritarian regimes in Africa and elsewhere. Detailing the many ways ordinary Angolans fashion their relationships with the system-an emic notion of their current political and socioeconomic environment-Jon Schubert explores what it means and how it feels to be part of the contemporary Angolan polity. Schubert finds that for many ordinary Angolans, the benefits of the post-conflict "New Angola," flush with oil wealth and in the midst of a construction boom, are few. The majority of the inhabitants of the capital, Luanda, struggle to make ends meet and live on under $2 .00 per day. The "New Angola" as promoted by the ruling MPLA, Schubert contends, is an essentially urban, upwardly mobile, and aspirational project, premised on the acceptance of the regime's political and economic dominance by its citizens. In the first ethnography of Angola to be published since the end of that country's twenty-seven years of intermittent violent internal conflict in 2002, Schubert traces how Angolans may question and resist the system within an atmosphere of apparent compliance. Working the System will appeal to anthropologists and political scientists, urban sociologists, and scholars of African studies. 606 $aEthnology$zAngola 606 $aPolitics and culture$zAngola 606 $aPower (Social sciences)$zAngola 606 $aPostwar reconstruction$xSocial aspects$zAngola 607 $aAngola$xHistory$y2002- 615 0$aEthnology 615 0$aPolitics and culture 615 0$aPower (Social sciences) 615 0$aPostwar reconstruction$xSocial aspects 676 $a967.304/2 700 $aSchubert$b Jon$f1982-$01611561 801 0$bMiAaPQ 801 1$bMiAaPQ 801 2$bMiAaPQ 906 $aBOOK 912 $a9910822265503321 996 $aWorking the system$93939888 997 $aUNINA